El maestro en casa. Educación genel básica abierta Programa Cooperativo M.E.P. - I.C.E.R.
Guardado en:
| 企业作者: | |
|---|---|
| 格式: | 图书 |
| 语言: | Spanish |
| 出版: |
San José, Costa Rica
Instituto Costarricense de Enseñanza Radiofónica, I.C.E.R.
1988
|
| 丛编: | Educación General Básica Abierta
|
| 主题: | |
| 标签: |
添加标签
没有标签, 成为第一个标记此记录!
|
MARC
| LEADER | 00000nam a22000007a 4500 | ||
|---|---|---|---|
| 003 | cru CIDCACS/IIS | ||
| 005 | 20171110153555.0 | ||
| 008 | 170526b1988 cr ad|||||||||||| ||spa d | ||
| 999 | |c 19405 |d 19405 | ||
| 040 | |c cru CIDCACS/IIS | ||
| 090 | |a 06.03.04 I59m | ||
| 110 | 1 | |9 4898 |a Instituto Costarricense de Enseñanza Radiofónica, I.C.E.R. | |
| 245 | 1 | 3 | |a El maestro en casa. |b Educación genel básica abierta Programa Cooperativo M.E.P. - I.C.E.R. |
| 260 | |a San José, Costa Rica |b Instituto Costarricense de Enseñanza Radiofónica, I.C.E.R. |c 1988 | ||
| 300 | |a 60 páginas | ||
| 440 | |9 4899 |a Educación General Básica Abierta | ||
| 500 | |a Colección Alforja | ||
| 650 | 1 | 0 | |9 944 |a EDUCACION |
| 650 | 1 | 0 | |9 2958 |a RADIO EDUCATIVA |
| 942 | |2 ddc |c LI | ||
